[Event "EU-ch Rapid"]
[Site "Katowice"]
[Date "2021.12.18"]
[Round "5"]
[White "Jonsson, Gauti Pall"]
[Black "Jagodzinski, Piotr"]
[Result "1/2-1/2"]
[WhiteElo "2057"]
[BlackElo "2145"]
[PlyCount "143"]
[EventDate "2021.12.18"]
[EventType "swiss (rapid)"]
[EventRounds "11"]
[EventCountry "POL"]
[SourceTitle "CBM 205 Extra"]
[Source "ChessBase"]
[SourceDate "2022.01.31"]
[SourceVersion "1"]
[SourceVersionDate "2022.01.31"]
[SourceQuality "1"]

1. Nf3 d5 2. g3 Nf6 3. Bg2 c6 4. 0-0 Bf5 5. d3 e6 6. Nh4 Bg4 7. h3 Bh5 8. Qe1 Be7 9. e4 dxe4 10. dxe4 Na6 11. Be3 Nd7 12. Nf3 Bf6 13. Nd4 Nb6 14. c3 Nc4 15. b3 Nxe3 16. Qxe3 Qb6 17. e5 Be7 18. Nd2 Rd8 19. Nc4 Qc5 20. g4 Bg6 21. f4 Nc7 22. f5 exf5 23. gxf5 Bh5 24. f6 Bf8 25. Nd6+ Bxd6 26. exd6+ Ne6 27. Rf5 Qxd6 28. fxg7 Rg8 29. Rxh5 Kd7 30. Nxe6 fxe6 31. Qxa7 Kc8 32. Qa8+ Kc7 33. Qa5+ Kc8 34. Qe5 Qxe5 35. Rxe5 Rxg7 36. Rf1 Rd3 37. Rxe6 Rxh3 38. Rf8+ Kd7 39. Rf7+ Rxf7 40. Bxh3 Kc7 41. Kg2 Kb6 42. Re3 Kc5 43. Be6 Rf6 44. a4 b5 45. b4+ Kd6 46. a5 c5 47. a6 Rf8 48. bxc5+ Kxc5 49. Re5+ Kd6 50. Rxb5 Kxe6 51. a7 Ra8 52. Rb7 h6 53. Kg3 Kd5 54. Kg4 Kc6 55. Rh7 Kb6 56. Rxh6+ Kxa7 57. Kf4 Re8 58. Kf5 Kb7 59. c4 Kc7 60. Rh4 Kc6 61. Re4 Rxe4 62. Kxe4 Kc5 63. Kd3 Kc6 64. Kd4 Kd6 65. c5+ Kc6 66. Kc4 Kc7 67. Kd5 Kd7 68. c6+ Kc7 69. Kc5 Kc8 70. Kd6 Kd8 71. c7+ Kc8 72. Kc6 1/2-1/2

[Event "EU-ch Blitz"]
[Site "Katowice"]
[Date "2021.12.17"]
[Round "15"]
[White "Krzywda, Andrzej"]
[Black "Jagodzinski, Piotr"]
[Result "1-0"]
[WhiteElo "2110"]
[BlackElo "2145"]
[PlyCount "165"]
[EventDate "2021.12.17"]
[EventType "swiss (blitz)"]
[EventRounds "22"]
[EventCountry "POL"]
[SourceTitle "CBM 205 Extra"]
[Source "ChessBase"]
[SourceDate "2022.01.31"]
[SourceVersion "1"]
[SourceVersionDate "2022.01.31"]
[SourceQuality "1"]

1. e4 c6 2. d4 d5 3. exd5 cxd5 4. Bd3 Nf6 5. c3 Nc6 6. Bf4 Bg4 7. Qb3 Qc8 8. Nd2 e6 9. Ngf3 Be7 10. 0-0 0-0 11. Rae1 Bh5 12. Qc2 Bg6 13. Bxg6 hxg6 14. Qd3 Qd7 15. Ng5 Nh5 16. Qh3 Qd8 17. Ndf3 Bxg5 18. Nxg5 Re8 19. Bd2 e5 20. dxe5 Nxe5 21. f4 Nc4 22. Bc1 Qb6+ 23. Kh1 d4 24. Qd7 Rf8 25. Qxd4 Qc7 26. b3 Nd6 27. c4 Nf5 28. Qc3 Rfe8 29. g4 Rxe1 30. Qxe1 Qc6+ 31. Nf3 Re8 32. Qf2 Nf6 33. gxf5 gxf5 34. Qg2 Ng4 35. Ne5 Qe6 36. Rg1 g6 37. Nxg4 fxg4 38. Qxg4 Qe4+ 39. Qg2 Qd3 40. f5 Qxf5 41. Rf1 Qd3 42. Qf3 Qd7 43. Bb2 Re6 44. Qc3 Qc6+ 45. Rf3 f6 46. Qd3 Kf7 47. Kg1 Qe8 48. Rf2 Re1+ 49. Kg2 Qc6+ 50. Qf3 Qxf3+ 51. Rxf3 f5 52. Rf2 Ke6 53. h4 Re4 54. Kh3 Re3+ 55. Kg2 Re4 56. Kg3 Re3+ 57. Rf3 Re2 58. Rf2 Re3+ 59. Kg2 Re4 60. h5 gxh5 61. Kf3 Kd6 62. Rd2+ Kc6 63. Rd5 Rh4 64. Rxf5 Rh2 65. Bd4 Rxa2 66. Rxh5 a6 67. Rh6+ Kc7 68. Ke4 Ra3 69. Rh7+ Kc6 70. b4 Ra4 71. Rh6+ Kc7 72. Be5+ Kd7 73. Bd6 a5 74. Kd5 axb4 75. Rh7+ Kd8 76. Rxb7 Kc8 77. Rb8+ Kd7 78. Rb7+ Kc8 79. Rb5 b3 80. Rxb3 Ra1 81. Kc6 Ra6+ 82. Rb6 Ra8 83. c5 1-0

[Event "Dziedzica Memrial 11th"]
[Site "Trzcianka"]
[Date "2021.10.24"]
[Round "2"]
[White "Barwinska, Ewa"]
[Black "Jagodzinski, Piotr"]
[Result "0-1"]
[WhiteElo "1887"]
[BlackElo "2145"]
[PlyCount "126"]
[EventDate "2021.10.24"]
[EventType "swiss (rapid)"]
[EventRounds "9"]
[EventCountry "POL"]
[SourceTitle "CBM 204 Extra"]
[Source "ChessBase"]
[SourceDate "2021.11.30"]
[SourceVersion "1"]
[SourceVersionDate "2021.11.30"]
[SourceQuality "1"]

1. e4 c6 2. d4 d5 3. Nc3 a6 4. Nf3 Bg4 5. Be2 e6 6. h3 Bh5 7. g4 Bg6 8. Bd3 Nf6 9. e5 Nfd7 10. Bg5 Qb6 11. Bxg6 hxg6 12. Qd2 c5 13. dxc5 Qxc5 14. Be3 Qc7 15. 0-0-0 Bb4 16. Bd4 Nc6 17. Qf4 Nxd4 18. Qxd4 Bxc3 19. Qxc3 Qxc3 20. bxc3 Rc8 21. Kb2 Ke7 22. Rd3 b5 23. Re3 Nb6 24. Nd2 g5 25. Rf1 Nc4+ 26. Nxc4 Rxc4 27. Rd1 Rhc8 28. Rd4 R4c5 29. f4 gxf4 30. Rxf4 Rc4 31. Ref3 Rxf4 32. Rxf4 g5 33. Rd4 f6 34. exf6+ Kxf6 35. Kb3 Ke5 36. a4 Rc4 37. axb5 axb5 38. Rd3 Kf4 39. Kb2 Re4 40. Kc1 Re2 41. Kd1 Rh2 42. Rd4+ Ke5 43. Rd3 Kd6 44. Rf3 e5 45. Rf6+ Kc5 46. Rf5 e4 47. Rxg5 Rxh3 48. Rf5 Rxc3 49. g5 Rg3 50. Kd2 b4 51. Ke2 Kc4 52. Re5 Kd4 53. Rf5 Rg2+ 54. Kd1 Ke3 55. Kc1 d4 56. Rb5 d3 57. cxd3 Kxd3 58. Rxb4 Rg1+ 59. Kb2 e3 60. Rb8 e2 61. Rd8+ Kc4 62. Rc8+ Kd5 63. Rd8+ Ke5 0-1

[Event "Dziedzica Memrial 11th"]
[Site "Trzcianka"]
[Date "2021.10.24"]
[Round "7"]
[White "Jagodzinski, Piotr"]
[Black "Zerebiec, Maurycy"]
[Result "0-1"]
[WhiteElo "2145"]
[BlackElo "1915"]
[PlyCount "128"]
[EventDate "2021.10.24"]
[EventType "swiss (rapid)"]
[EventRounds "9"]
[EventCountry "POL"]
[SourceTitle "CBM 204 Extra"]
[Source "ChessBase"]
[SourceDate "2021.11.30"]
[SourceVersion "1"]
[SourceVersionDate "2021.11.30"]
[SourceQuality "1"]

1. Nf3 c5 2. b3 d6 3. c4 Nc6 4. Bb2 e5 5. e3 g6 6. a3 Bg7 7. Qc2 Nge7 8. d3 0-0 9. Nbd2 h6 10. Be2 Kh7 11. 0-0 Be6 12. Rad1 Rc8 13. Rfe1 d5 14. cxd5 Nxd5 15. Nc4 Qc7 16. Rc1 b6 17. Qb1 Rfe8 18. h4 f5 19. h5 g5 20. b4 b5 21. Ncd2 cxb4 22. axb4 Ndxb4 23. Rc5 Qd6 24. Rec1 Rcd8 25. Ba3 Nxd3 26. Rxc6 Qxa3 27. R1c3 Qe7 28. Rxd3 Rxd3 29. Bxd3 e4 30. Bc2 exf3 31. Rxe6 Qf7 32. Bxf5+ Kh8 33. Rxe8+ Qxe8 34. gxf3 a5 35. Ne4 b4 36. Qb3 Bf8 37. Bg6 Qe7 38. Ng3 Qb7 39. Nf5 a4 40. Qxa4 b3 41. Qd4+ Kg8 42. Qd8 b2 43. Nxh6+ Kg7 44. Nf5+ Kg8 45. h6 b1Q+ 46. Kg2 Q1b4 47. h7+ Kh8 48. Qf6+ Bg7 49. Qxg5 Qf8 50. e4 Qc7 51. Qg4 Qe5 52. Qh4 Qff6 53. Qg4 Qee6 54. Nxg7 Qxg4+ 55. fxg4 Qxg6 56. Nf5 Qxg4+ 57. Ng3 Kxh7 58. f3 Qf4 59. Kf2 Qd2+ 60. Ne2 Kg7 61. f4 Qd3 62. Ng3 Kg6 63. Kg2 Qe3 64. f5+ Kg5 0-1

[Event "Bydgoszcz PGNiG Blitz"]
[Site "Bydgoszcz"]
[Date "2021.09.19"]
[Round "6"]
[White "Dzida, Kamil"]
[Black "Jagodzinski, Piotr"]
[Result "0-1"]
[WhiteElo "2224"]
[BlackElo "2145"]
[PlyCount "116"]
[EventDate "2021.09.19"]
[EventType "swiss (blitz)"]
[EventRounds "13"]
[EventCountry "POL"]
[SourceTitle "CBM 204 Extra"]
[Source "ChessBase"]
[SourceDate "2021.11.30"]
[SourceVersion "1"]
[SourceVersionDate "2021.11.30"]
[SourceQuality "1"]

1. e4 c6 2. d4 d5 3. Nc3 a6 4. h3 e6 5. Nf3 Nf6 6. Bg5 Be7 7. e5 Nfd7 8. Bxe7 Qxe7 9. Qd2 c5 10. dxc5 Nc6 11. 0-0-0 Qxc5 12. Qg5 0-0 13. Bd3 h6 14. Qg3 b5 15. Ne2 Nb4 16. Kb1 Bb7 17. Nfd4 Qc7 18. f4 Nc5 19. f5 Kh8 20. f6 Rg8 21. Nf4 Ne4 22. Bxe4 dxe4 23. Nh5 g6 24. Nf4 Kh7 25. Nfe2 Rac8 26. Rd2 Rgd8 27. Rhd1 Rd5 28. a3 Nc6 29. Nxc6 Bxc6 30. Rxd5 Bxd5 31. Nc3 a5 32. Rd2 b4 33. Nxd5 exd5 34. Qe3 Qxe5 35. Qd4 Qxd4 36. Rxd4 bxa3 37. Rxd5 axb2 38. Re5 Rc4 39. Kxb2 a4 40. Re7 Kg8 41. Re8+ Kh7 42. Re7 g5 43. Rxf7+ Kg6 44. Rf8 a3+ 45. Kb3 a2 46. Ra8 Rc6 47. Rxa2 Kxf6 48. c4 Ke5 49. Kc3 Kf4 50. Re2 e3 51. Kd4 Rd6+ 52. Kc3 Ke4 53. c5 Rd3+ 54. Kc4 Rd2 55. Re1 Rxg2 56. c6 Rc2+ 57. Kb5 Kf3 58. Kb6 Kf2 0-1

[Event "Bydgoszcz PGNiG Blitz"]
[Site "Bydgoszcz"]
[Date "2021.09.19"]
[Round "11"]
[White "Jagodzinski, Piotr"]
[Black "Dziuba, Marcin"]
[Result "0-1"]
[WhiteElo "2145"]
[BlackElo "2578"]
[PlyCount "88"]
[EventDate "2021.09.19"]
[EventType "swiss (blitz)"]
[EventRounds "13"]
[EventCountry "POL"]
[SourceTitle "CBM 204 Extra"]
[Source "ChessBase"]
[SourceDate "2021.11.30"]
[SourceVersion "1"]
[SourceVersionDate "2021.11.30"]
[SourceQuality "1"]

1. Nf3 d5 2. b3 Bf5 3. Bb2 e6 4. e3 Nf6 5. d4 Bd6 6. Bd3 Ne4 7. 0-0 0-0 8. c4 c6 9. Nc3 Nd7 10. Qc2 Nxc3 11. Bxc3 Bxd3 12. Qxd3 a5 13. e4 dxe4 14. Qxe4 a4 15. Rfd1 Re8 16. Re1 h6 17. Rad1 Qc7 18. Qg4 Nf6 19. Qh3 Be7 20. Ne5 axb3 21. axb3 Bd6 22. Rd3 Ra3 23. Rg3 Kf8 24. Bb2 Ra2 25. Bc1 Qa5 26. Rge3 Ra1 27. Nd3 Ba3 28. Bxa3+ Qxa3 29. Nc5 b6 30. Ne4 Nxe4 31. Rxe4 Rd8 32. Qc3 Ra2 33. Rg4 Qa5 34. Qe3 Qd2 35. Qe5 Qxf2+ 36. Kh1 g6 37. Rg3 Qf5 38. Qh8+ Ke7 39. Qxh6 Rxd4 40. Qg7 Re4 41. Rd1 Rf4 42. Rg1 Rf1 43. Qd4 Rxg1+ 44. Qxg1 Rf2 0-1

[Event "Bydgoszcz PGNiG Blitz"]
[Site "Bydgoszcz"]
[Date "2021.09.19"]
[Round "7"]
[White "Jagodzinski, Piotr"]
[Black "Pacan Milej, Kosma"]
[Result "0-1"]
[WhiteElo "2145"]
[BlackElo "2401"]
[PlyCount "86"]
[EventDate "2021.09.19"]
[EventType "swiss (blitz)"]
[EventRounds "13"]
[EventCountry "POL"]
[SourceTitle "CBM 204 Extra"]
[Source "ChessBase"]
[SourceDate "2021.11.30"]
[SourceVersion "1"]
[SourceVersionDate "2021.11.30"]
[SourceQuality "1"]

1. Nf3 Nf6 2. b3 d5 3. Bb2 c6 4. e3 Bf5 5. d4 Nbd7 6. Bd3 Bg6 7. 0-0 e6 8. c4 Bd6 9. Nc3 0-0 10. Bxg6 hxg6 11. Qc2 Qe7 12. e4 dxe4 13. Nxe4 Nxe4 14. Qxe4 Nf6 15. Qe2 a5 16. Rfe1 Rfd8 17. Qc2 Ba3 18. Rad1 Bxb2 19. Qxb2 a4 20. b4 a3 21. Qb3 b5 22. c5 Rd5 23. Ne5 Qc7 24. Nf3 g5 25. h3 g4 26. Ne5 gxh3 27. Qxh3 Nd7 28. Nxf7 Kxf7 29. Qxe6+ Kf8 30. Qe7+ Kg8 31. Qe6+ Kh7 32. Qh3+ Kg6 33. Qg4+ Rg5 34. Qe4+ Kh6 35. Qe6+ Nf6 36. Rd3 Re8 37. Rh3+ Kg6 38. Qxe8+ Nxe8 39. Rxe8 Qf4 40. Rhe3 Qxd4 41. R8e6+ Kh7 42. R6e4 Qa1+ 43. Kh2 Rh5+ 0-1